〈Minecraft〉原木だけでクラフトできるアイテム - Statistics

General Stats
  • This quiz has been taken 756 times
  • The average score is 16 of 26
Answer Stats
手順 アイテム % Correct
原木→ 板材
93%
板材→
90%
板材→ 作業台
90%
原木→
86%
作業台→板材+棒→ 木の剣
85%
作業台→板材+棒→ 木のツルハシ
84%
作業台→板材+棒→ 木の斧
84%
作業台→板材+棒→ 木のクワ
82%
作業台→板材→ ドア
80%
作業台→板材+棒→ 木のシャベル
79%
作業台→板材→ ハーフブロック
76%
作業台→板材→ 階段
73%
板材→ ボタン
72%
作業台→板材→ トラップドア
63%
作業台→板材→ チェスト
63%
作業台→板材+棒→ フェンス
61%
板材→ 感圧版
58%
作業台→板材→ ボート
56%
作業台→板材+棒→ フェンスゲート
55%
作業台→棒→ はしご
54%
作業台→板材+棒→ 看板
37%
作業台→板材+ハーフブロック→
33%
作業台→ハーフブロック→ コンポスター
32%
作業台→板材→ ボウル
22%
作業台→チェスト+ボート→ チェスト付きのボート
18%
作業台→板材+ハーフブロック→ 模様入りの本棚
10%
No matching quizzes found
Score Distribution
Percent of People with Each Score
Percentile by Number Answered
Your Score History
You have not taken this quiz